Loading...
| Mythology | 0 | 4 | 0 | 1 | 40 | 75 | 101.75 | 0 | 3 | 7.51 | 18.33 |
| Religion | 0 | 1 | 0 | 0 | 10 | 119 | 119.00 | 0 | 1 | 0.78 | 5.00 |
| Social Science | 0 | 1 | 0 | 0 | 10 | 108 | 108.00 | 1 | 1 | 0.77 | 10.00 |
| Literature - American | 0 | 1 | 0 | 0 | 10 | 89 | 89.00 | 1 | 1 | 3.69 | 7.50 |
| Science - Biology | 0 | 1 | 0 | 0 | 10 | 113 | 113.00 | 0 | 0 | 0.09 | 2.50 |
| Science - Other | 0 | 1 | 1 | 0 | 5 | 60 | 60.00 | 0 | 1 | 4.12 | 7.50 |
| Philosophy | 0 | 0 | 0 | 0 | 0 | 0.00 | 0 | 0 | 0.00 | 0.00 | |
| Fine Arts - Other | 0 | 0 | 1 | 0 | -5 | 0.00 | 0 | 0 | 0.00 | 0.00 | |
| Science - Chemistry | 0 | 0 | 1 | 0 | -5 | 0.00 | 0 | 0 | 0.00 | 0.00 | |
| Literature - European | 0 | 0 | 1 | 0 | -5 | 0.00 | 0 | 0 | 0.00 | 0.00 | |
| History - European | 0 | 0 | 1 | 0 | -5 | 0.00 | 0 | 0 | 0.00 | 0.00 |